书目信息 |
| 题名: |
八十年代青年的动向
|
|
| 作者: | 雷永光 译 | |
| 分册: | ||
| 出版信息: | 北京 中国对外翻译出版社 1982 |
|
| 页数: | 39页 | |
| 开本: | 19cm | |
| 丛书名: | ||
| 单 册: | ||
| 中图分类: | D431 | |
| 科图分类: | ||
| 主题词: | 青年学--世界 | |
| 电子资源: | ||
| ISBN: | ||
| 000 | 01138nam0 2200265 45 | |
| 001 | 0182008555 | |
| 005 | 20070923165947.54 | |
| 010 | @dCNY0.20 | |
| 091 | @aCN@b70220.3 | |
| 100 | @a19950627d1982 emky0chiy0121 ea | |
| 101 | 1 | @achi@ceng |
| 102 | @aCN@b110000 | |
| 105 | @ay p 100yy | |
| 200 | 10 | @a八十年代青年的动向@Aba shi nian dai qing nian de dong xiang@e向联合国教育、科学及文化组织第二十一届大会提出的综合报告@f雷永光译 |
| 210 | @a北京@c中国对外翻译出版社@d1982 | |
| 215 | @a39页@d19cm | |
| 300 | @a书名原文:Youth Prospects in the 1980s.-Synthesis Report Presented to the General Conference of Unesco at its Twenty-First Session | |
| 510 | 1 | @aYouth Prospects in the 1980s.-Synthesis Report Presented to the General Conference of Unesco at its Twenty-First Session@zeng |
| 517 | 1 | @a向联合国教育、科学及文化组织第二十一届大会提出的综合报告@Axiang lian he guo jiao yu 、 ke xue ji wen hua zu zhi di er shi yi jie da hui ti chu de zong he bao gao |
| 606 | @a青年学@y世界 | |
| 690 | @aD431@v3 | |
| 701 | 0 | @a雷永光@Alei yong guang@4译 |
| 801 | 2 | @aCN@bNLC@c20070923 |
| 801 | 0 | @aCN@bTSSF |
| 905 | @a10447@dD431@e207 | |
| 八十年代青年的动向:向联合国教育、科学及文化组织第二十一届大会提出的综合报告/雷永光译.-北京:中国对外翻译出版社,1982 |
| 39页;19cm |
| 书名原文:Youth Prospects in the 1980s.-Synthesis Report Presented to the General Conference of Unesco at its Twenty-First Session |
| ISBN :CNY0.20 |
| ● |
| 相关链接 |
|
|
|
|
正题名:八十年代青年的动向
索取号:D431/207
 
预约/预借
| 序号 | 登录号 | 条形码 | 馆藏地/架位号 | 状态 | 备注 |
| 1 | 0624601 | 206246016 | 第一样本阅览室/ [索取号:D431/207] | 在馆 |